000
00294nam a22001217a 4500
008
181121b xxu||||| |||| 00| 0 eng d
041
_a
eng
080
_a
610.73
100
_a
2
101
_a
INF
245
_a
AACN'S CLINICAL REFERENCE FOR CRITICAL CARE NURSING
_c
Kinney,M.R
942
_2
udc
_c
BK
999
_c
52294
_d
52294